Tài nguyên và môi trường du lịch Việt Nam
Gardado en:
| Autor Principal: | |
|---|---|
| Formato: | Libro |
| Idioma: | Undetermined |
| Publicado: |
Hà Nội
Giáo Dục
2001
|
| Những chủ đề: | |
| Các nhãn: |
Engadir etiqueta
Sen Etiquetas, Sexa o primeiro en etiquetar este rexistro!
|
| Thư viện lưu trữ: | Trung tâm Học liệu Trường Đại học Cần Thơ |
|---|
| LEADER | 00536nam a2200169Ia 4500 | ||
|---|---|---|---|
| 001 | CTU_45382 | ||
| 008 | 210402s9999 xx 000 0 und d | ||
| 082 | |a 338.4791 | ||
| 082 | |b L561 | ||
| 100 | |a Phạm, Trung Lương | ||
| 245 | 0 | |a Tài nguyên và môi trường du lịch Việt Nam | |
| 245 | 0 | |c Phạm Trung Lương | |
| 260 | |a Hà Nội | ||
| 260 | |b Giáo Dục | ||
| 260 | |c 2001 | ||
| 650 | |a environmental impact analysis - vietnam,tourist trade | ||
| 980 | |a Trung tâm Học liệu Trường Đại học Cần Thơ | ||